| 000 | 00448nam a2200181Ia 4500 | ||
|---|---|---|---|
| 008 | 090123s9999 xx 000 0 und d | ||
| 082 | _b20852 | ||
| 100 | _aVADHAVANI MANOHAR R. | ||
| 245 | _aINDIAN POLITICAL SYSTEM | ||
| 250 | _a0 | ||
| 260 |
_bSHETH _c1987 |
||
| 300 | _a444 | ||
| 600 | _aVADHAVANI MANOHAR R. | ||
| 630 | _aINDIAN POLITICAL SYSTEM | ||
| 700 | _aVADHAVANI MANOHAR R. | ||
| 730 | _aINDIAN POLITICAL SYSTEM | ||
| 942 | _cBOOK | ||
| 999 |
_c58924 _d58924 |
||